| 000 | 00914nam0a22002411 4500 | ||
|---|---|---|---|
| 001 | rc\2622741 | ||
| 005 | 20110914171858.4 | ||
| 035 | _a(NLR Aleph) 006786394 | ||
| 090 |
_a6097858 _c6097858 |
||
| 100 | _a20110914d1931 |||y0rusy50 ca | ||
| 101 | 0 | _arus | |
| 102 | _aRU | ||
| 105 | _aa z ||||| | ||
| 200 | 1 |
_aКраткое руководство по силосованию в Западной Сибири _fКопырин |
|
| 210 |
_aОмск _cОмгорсовет рк и кд и Омск. ин-т молочного хоз-ва _d1931 _gтип.-лит. № 2 З.-С. КПТ |
||
| 215 |
_a34 с., 2 вкл. л. черт. _cил. _d15х11 см. |
||
| 300 | _aПредисловие: проф. И. В. Ларин | ||
| 700 | 1 |
_aКопырин _bВ. И. _f1904- _gВасилий Иванович |
|
| 801 | 0 |
_aRU _bNLR _gpsbo |
|
| 801 | 1 |
_aRU _bELAR _2rusmarc |
|
| 852 |
_aNLR _j31-8/5821 |
||
| 942 | _cBOOK | ||
| 980 | _aNB | ||